000 00962cam a22002774a 4500
005 20260322212059.0
008 data
010 _a 2002020115
020 _a0737305916
020 _a9780737305913
040 _aDLC
_cDLC
_dDLC
042 _apcc
050 0 0 _aBF575.A5
_bS35 2002
082 0 0 _a152.4/7
_221
096 _aWM 425.5.A5 S35 2002
100 1 _aSchiraldi, Glenn R.,
_d1947-
245 1 4 _aThe anger management sourcebook /
_cGlenn R. Schiraldi & Melissa Hallmark Kerr.
260 _aSan Francisco :
_aNew York ;
_aSan Francisco :
_bContemporary Books,
_cc2002.
300 _ax, 326 p. ;
_c23 cm.
504 _aIncludes bibliographical references (p. 309-314) and index.
650 0 _aAnger.
700 1 _aKerr, Melissa Hallmark.
856 4 2 _3Contributor biographical information
_uhttp://www.loc.gov/catdir/bios/mh042/2002020115.html
856 4 2 _3Publisher description
_uhttp://www.loc.gov/catdir/description/mh021/2002020115.html
001 data
999 _c1423
_d1423